Responses for Show #3346 - Monday, March 8, 1999

Contestants

[<< previous game]

Dave Hampton, a student from Cambridge, Massachusetts

Laura Bowen, an upper-school history teacher from Wilmington, North Carolina

Nathan Childs, a reporter from Washington, D.C. (whose 1-day cash winnings total $6,800)

[next game >>]

Jeopardy! Round responses

1991
COMMON BONDS
CLASSIC MUSICALS
TO A "T"
LITTLE HOUSE
ON THE PRAIRIE
    $100 17
Pregnancy

Nathan
    $100 1
Things that are yellow

Laura
    $100 4
"Oklahoma!"

Dave
    $100 9
Tentacles

Laura
    $100 14
Log cabin

Laura
    $200 18
The Persian Gulf War

Dave
    $200 2
(Nathan: What are things that are big?)

things that have trunks

NathanDave
    $200 5
"Annie"

Dave
    $200 10
Transylvania

Nathan
    $200 15
(Dave: What is a manor?)

cottage

Dave
Triple Stumper
    $300 19
(Nathan: What is Serbia?)
(Dave: What is Greece?)

Yugoslavia

NathanLauraDave
    $300 3
(Dave: What are things that have molars?)

choppers

Dave
Triple Stumper
    $300 6
"Phantom of the Opera" (with Michael Crawford)

Dave
    $300 11
Ten-gallon hat

Dave
    $500 20
(Laura: I don't know.)

the Trevi Fountain

Laura
    $400 16
Posts

Triple Stumper
    $400 7
"The Sound of Music"

Nathan
    $400 12
(Nathan: What is...)

table wine

Nathan
Triple Stumper
    $400 24
Shanty

Triple Stumper
    $400 26
(Laura: What is a Conestoga?)
...
[The end-of-round signal sounds.]

Schooner

Laura
Triple Stumper
    $500 21
(Alex: Minute to go.)

Biosphere

Nathan
    $500 22
Artificial languages

Dave
    $500 8
"Hello, Dolly!"

Nathan
    $500 13
Toulouse

Nathan
    $500 23
Chalet

Triple Stumper
    $500 25
Prairie chicken

Triple Stumper

Scores at the first commercial break (after clue 15):

Nathan Laura Dave
$1,000 $300 $600

Scores at the end of the Jeopardy! Round:

Nathan Laura Dave
$1,300 -$300 $1,000

Double Jeopardy! Round responses

EXPLORING AFRICA
FILM BIOGRAPHIES
I HAVEN'T READ POE, BUT...
A FEW GOOD DOGS
TIME
SAY CHEESE!
    $200 23
(Alex: A minute to go.)

Sahara

Nathan
    $200 3
Barrymore

Nathan
    $200 8
(Dave: What is Bell?)

"The Bells"

Dave
Triple Stumper
    $200 1
Lassie

Dave
    $200 13
4

Nathan
    $200 18
"The Odd Couple"

Dave
    $400 24
Dr. David Livingstone

Laura
    $400 4
Vincent Van Gogh

Dave
    $400 9
"The Pit and the Pendulum"

Triple Stumper
    $400 2
Snoopy

Dave
    $400 14
(Dave: What is 7?)
...
(Alex: There are 7 days in [*], but we were going for [*].)

a week

Dave
Triple Stumper
    $400 19
(Nathan: What is beer?)

milk

NathanLaura
    $600 25
Vasco da Gama

Dave
    $600 5
Lenny Bruce

Dave
    $600 10
"The Fall of the House of Usher"

Dave
    $600 20
Benji

Nathan
    $1,500 15
6 years

Nathan
    $800 26
(Dave: Who was Heyerdahl?)
(Nathan: Who was Rhodes?)

Sir Richard Burton

NathanDave
Triple Stumper
    $1,300 6
Erwin Rommel

Dave
    $800 11
"MS. Found in a Bottle"

Triple Stumper
    $800 21
Rin Tin Tin

Nathan
    $800 16
(Dave: What is L'Nose?)

The Age of Reason

Dave
Triple Stumper
    $1000 27
(buzzer sounds)

Bartolomeu Dias

Laura
    $1000 7
Immortal Beloved

Dave
    $1000 12
(Alex: Maybe Poe was not such a good idea after all!)

"The Tell-Tale Heart"

Triple Stumper
    $1000 22
Greyfriars Bobby

Triple Stumper
    $1000 17
Entropy

Triple Stumper

Scores at the end of the Double Jeopardy! Round:

Nathan Laura Dave
$3,600 $1,500 $4,100

[wagering suggestions for these scores]

Final Jeopardy! Round responses

SHOW BIZ
(Alex: Laura, who is Ani Scuteri?)
(Laura: A friend of mine from the fifth grade; if I couldn't think of the right response, she told me to put her name down instead!)
LauraWho is Ani Scuteri?
$1,000
NathanWho is Gloria Estefan
$3,300
DaveWho is Gloria Estefan
$3,200
Gloria Estefan

Final scores:

Nathan Laura Dave
$6,900 $500 $7,300
2nd place: Trip to Hotel Melia Victoria, Palma de Majorca, Spain 3rd place: Coleman Camping Equipment New champion: $7,300

Game dynamics:

Coryat scores:

Nathan Laura Dave
$2,700 $2,000 $3,600
12 R
(including 1 DD),
5 W
7 R,
2 W
(including 1 DD)
16 R
(including 1 DD),
7 W

Combined Coryat: $8,300

[game clues] [game scores] [suggest correction]

Game tape date: Unknown
The J! Archive is created by fans, for fans. Scraping, republication, monetization, and malicious use prohibited; this site may use cookies and collect identifying information. See terms. The Jeopardy! game show and all elements thereof, including but not limited to copyright and trademark thereto, are the property of Jeopardy Productions, Inc. and are protected under law. This website is not affiliated with, sponsored by, or operated by Jeopardy Productions, Inc. Join the discussion at JBoard.tv.